Ciudades españolas por imagen de satélite - Estadísticas

Estadísticas generales
  • Esta prueba ha sido intentada 2.943 veces
  • La puntuación promedio es 6 de 12
Estadísticas de respuestas
Imagen Respuesta % Correcto
Barcelona
87%
Madrid
83%
Cádiz
69%
Sevilla
67%
Valencia
59%
Bilbao
53%
Zaragoza
49%
A Coruña
48%
Málaga
44%
Palma
25%
Las Palmas de Gran Canaria
23%
Melilla
18%
No se encontraron pruebas coincidentes
Distribución de puntuación
Porcentaje de gente con cada puntuación
Porcentaje por número respondido
Historial de tus puntuaciones
No has intentado esta prueba.